书目信息 |
| 题名: |
英语惯用语词典
|
|
| 作者: | 赵冬梅 编著 | |
| 分册: | ||
| 出版信息: | 延吉 东北朝鲜民族教育出版社 1996 |
|
| 页数: | 630页 | |
| 开本: | 17cm | |
| 丛书名: | ||
| 单 册: | ||
| 中图分类: | H313.3-61 , H313.3 | |
| 科图分类: | 41.6823072 | |
| 主题词: | 英语-社会习惯语--词典 , 社会习惯语-英语--词典 | |
| 电子资源: | ||
| ISBN: | 7-5437-2688-2 | |
| 000 | 00750nam0 2200253 45 | |
| 001 | 1573503476 | |
| 005 | 20150118202545.82 | |
| 010 | @a7-5437-2688-2@dCNY22.90 | |
| 100 | @a19971219d1996 emky0chiy0121 ea | |
| 101 | 0 | @achi@aeng |
| 102 | @aCN@b220000 | |
| 105 | @ay e 000yy | |
| 200 | 10 | @a英语惯用语词典@Aying yu guan yong yu ci dian@f赵冬梅编著 |
| 210 | @a延吉@c东北朝鲜民族教育出版社@d1996 | |
| 215 | @a630页@d17cm | |
| 510 | 1 | @aDictionary of habitual phrase ology in English@zeng |
| 606 | @a英语-社会习惯语@x词典 | |
| 606 | @a社会习惯语-英语@x词典 | |
| 690 | @aH313.3-61@v3 | |
| 690 | @aH313.3@v4 | |
| 692 | @a41.6823072@v2 | |
| 701 | 0 | @a赵冬梅@Azhao dong mei@4编著 |
| 801 | 0 | @aCN@bTSSF@c20150118 |
| 905 | @aZUCC@dH313.3@eJY259 | |
| 英语惯用语词典/赵冬梅编著.-延吉:东北朝鲜民族教育出版社,1996 |
| 630页;17cm |
| ISBN 7-5437-2688-2:CNY22.90 |
| ● |
| 相关链接 |
|
|
|
|
正题名:英语惯用语词典
索取号:H313.3/JY259
 
预约/预借
| 序号 | 登录号 | 条形码 | 馆藏地/架位号 | 状态 | 备注 |
| 1 | 7847844 | 278478443 | 学院路分馆/ [索取号:H313.3/JY259] | 在馆 |